000 00476nam a2200169Ia 4500
003 GCL
008 140319s9999 xx 000 0 ara d
040 _aGCL /
_cGCL
082 0 4 _a227
_bم ك
100 1 _aمجمود شكرى
245 1 0 _aكلمات القران:شرح وتفسير /
_cمجمود شكرى
260 _a[S.N] :
_bمكتبة التراث الاسلامى ،
_c1992
300 _a446 ص
490 _a
650 0 4 _aشرح القران
942 _2ddc
_cBK
999 _c52550
_d52550